• 首页
  • 本馆介绍
  • 公告通知
  • 最新文献
  • 馆藏检索
  • 电子资源
  • 读者导购
  • 参考咨询
  • 我的图书馆
  • 登录
  • 详细信息显示
  • 放入我的书架
  • 预约/预借图书
  • 作者相关作品
  • 分类相关作品
  • 丛书相关作品
  • 出版社相关作品

书目信息

  • 表格格式
  • 工作单格式
  • 卡片格式
题名:
马克思主义的文化理论
    
 
作者: 赵文静 著
分册:  
出版信息: 长春   吉林出版集团有限责任公司  2019
页数:
开本: 23cm
丛书名: 马克思主义简明读本
单 册:
中图分类: A811.67
科图分类:
主题词: 马克思主义--文化理论--研究
电子资源:
ISBN: 978-7-5534-2592-4
000 00945oam2 2200253 45
001 012001012074
005 20141123163032.0
010    @a978-7-5534-2592-4@dCNY29.70
100    @a20181022d2014 em y0chiy0110 ea
101 0  @achi
102    @aCN@b220000
105    @ay z 000yy
106    @ar
200 1  @a马克思主义的文化理论@9ma ke si zhu yi de wen hua li lun@f赵文静著
210    @a长春@c吉林出版集团有限责任公司@d2019
215    @d23cm
225 2  @a马克思主义简明读本
330    @a马克思、恩格斯的文化理论:文化的物质生活之源;文化的内涵与人的本质;世界文化与民族文化。列宁的文化理论:资产阶级文化与无产阶级文化;文化的民族性和国际性;中国化马克思主义文化理论:社会主义先进文化的核心内容,社会主义生态文明等。
461  0 @12001 @a马克思主义简明读本
606 0  @a马克思主义@x文化理论@x研究
690    @aA811.67@v5
701  0 @a赵文静@9zhao wen jing@4著
801  0 @aCN@b上海新华@c20191020
905    @b1184938-41@dA811.67@e358@f4
    
    马克思主义的文化理论/赵文静著.-长春:吉林出版集团有限责任公司,2019
    23cm.-(马克思主义简明读本)
    
    
    ISBN 978-7-5534-2592-4:CNY29.70
    马克思、恩格斯的文化理论:文化的物质生活之源;文化的内涵与人的本质;世界文化与民族文化。列宁的文化理论:资产阶级文化与无产阶级文化;文化的民族性和国际性;中国化马克思主义文化理论:社会主义先进文化的核心内容,社会主义生态文明等。
●
相关链接 在E读中查询图书 在五车中查询图书 在当当中查询图书 在豆瓣中查询图书


正题名:马克思主义的文化理论     索取号:A811.67/358         预约/预借

序号 登录号 条形码 馆藏地/架位号 状态 备注
1 1184938   211849384   第一样本阅览室/ [索取号:A811.67/358] 在馆    
2 1184939   211849393   第一借阅区/ [索取号:A811.67/358] 在馆    
3 1184940   211849400   第一借阅区/ [索取号:A811.67/358] 在馆    
4 1184941   211849419   第一借阅区/ [索取号:A811.67/358] 在馆    
唐山师范学院图书馆 欢迎您!
大连网信软件有限公司© 版权所有